01500cam a2200301 a 45000010008000000030006000080050017000140080041000310100017000720200038000890350017001270400059001440410012002030420008002150500026002231000018002492450060002672460062003272460029003892600060004183000035004784900035005135000020005485200539005686500027011076500028011348300036011625906104CaAEU20250827102741.0120517s2012 maua 001 0 eng  a 2012019634 a9781422187104 (pbk. : alk. paper) aocn778420944 aDLCbengcDLCdBTCTAdBDXdYDXCPdOCLCOdBWXdBKLdAEU aEnglish apcc00aHF5718.22b.D817 2012 aDuarte, Nancy10aHBR guide to persuasive presentations c/ Nancy Duarte.3 aHarvard Business Review guide to persuasive presentations30aPersuasive presentations aBoston, Mass. :bHarvard Business Review Press,cc2012. axvii, 229 p. :bill. ;c23 cm.1 aHarvard Business review guides aIncludes index. aTerrified of speaking in front of a group? Or simply looking to polish your skills? No matter where you are on the spectrum, this guide will give you the confidence and the tools you need to get results. Written by presentation expert Nancy Duarte, the HBR Guide to Persuasive Presentations will help you: Win over tough crowds Organize a coherent narrative - Create powerful messages and visuals - Connect with and engage your audience - Show people why your ideas matter to them mejorar - Strike the right tone, in any situation. 0aBusiness presentations 0aPersuasion (Psychology) 0aHarvard Business review guides.